00694nam a2200193Ia 4500003000900000008004100009020001800050040001600068080002200084245012200106260003300228300002300261650004100284650002900325700002600354942000700380999001500387952009800402IN-BaIIA211028s9999 xx 000 0 eng d a0-444-86746-5 cIIA Library a524.834(063)bMAR 0aMarcel Grossmann meeting on general relativitybpt. Bcedited by Ning Hu  aBeijingbScience Pressc1983 a[various pagings.] aAstronomy and astrophysics thesaurus aGeneral relativity93824 aNing, Hu., ed.914549 cBK c8663d8663 00104070aBANbBANcGENd1986-04-24l0o524.834(063)/ MARp9538r2021-11-05w1986-04-24yBK